| 000 | 00549nam a22002175i 4500 | ||
|---|---|---|---|
| 999 |
_c120750 _d120750 |
||
| 001 | 19869620 | ||
| 005 | 20201222090552.0 | ||
| 008 | 170808s2017 mau 000 0 eng | ||
| 020 | _a9781337392891 | ||
| 020 | _a9781337557238 | ||
| 040 | _cPK-LaUMT | ||
| 082 |
_a613 _bHAL-I |
||
| 100 | 1 | _aHales, Dianne | |
| 245 | 1 | 3 |
_aAn invitation to health : _byour future / _cby Dianne Hales |
| 250 | _a18th ed. | ||
| 260 |
_aBoston : _bCengage, _c2019 |
||
| 300 | _a601 p. | ||
| 650 | _aHealth science | ||
| 650 | _aSelf-care, health | ||
| 942 | _cBK | ||